Statistiken für Nationalmannschaft: Debütanten unter Hansi Flick

Klicken Sie hier um das Quiz zu spielen!

Allgemein

  • Dieses Quiz wurde 322 mal gespielt
    (63 seit der letzten Aktualisierung)
  • Das Durchschnittsergebnis liegt bei 10 aus 16

Antwortstatistiken

DatumVerein (zu der Zeit)Spieler% Korrekt
09/2023BrightonPascal Groß
92%
11/2022BremenNiclas Füllkrug
85%
06/2023AC MailandMalick Thiaw
83%
09/2021SalzburgKarim Adeyemi
77%
09/2021LeverkusenFlorian Wirtz
73%
11/2022DortmundYoussoufa Moukoko
73%
09/2022SouthamptonArmel Bella-Kotchap
67%
03/2023WolfsburgFelix Nmecha
62%
11/2021WolfsburgLukas Nmecha
62%
03/2022FreiburgNico Schlotterbeck
58%
03/2023BrentfordKevin Schade
54%
03/2022MainzAnton Stach
50%
03/2023DortmundMarius Wolf
50%
03/2023StuttgartJosha Vagnoman
46%
03/2023AugsburgMergim Berisha
46%
09/2021HoffenheimDavid Raum
38%

Verteilung der Resultate

Perzentil nach korrekt beantworteten Fragen

Anzahl Personen mit jedem Resultat

Ihre Resultats-Entwicklung

Sie haben dieses Quiz seit der letzten Aktualisierung nicht gespielt